000 01083 a2200253 4500
003 Nust
005 20220729120355.0
010 _a 00023492
020 _a047137122X (hardcover : alk. paper)
040 _cNust
082 0 0 _a511.3,ROD
100 1 _aRodgers, Nancy,
_995764
245 1 0 _aLearning to Rreason :
_ban Introduction to Logic, Sets and Relations /
_cNancy Rodgers.
260 _aNew York :
_bWiley,
_c2000.
300 _axv, 437 p. :
_bill. ;
_c25 cm.
505 _aLogical Reasoning (Page-1), Writing our Reasoning (Page-109), Sets- The Building Blocks (Page-213), Relations -The Art (Page-309), Selected Answers (Page-406).
650 0 _aLogic, Symbolic and mathematical.
_936546
650 0 _aProof theory.
_982454
650 0 _aSet theory.
_939088
856 4 2 _3Contributor biographical information
_uhttp://www.loc.gov/catdir/bios/wiley043/00023492.html
856 4 2 _3Publisher description
_uhttp://www.loc.gov/catdir/description/wiley035/00023492.html
856 4 2 _3Table of Contents
_uhttp://www.loc.gov/catdir/toc/onix06/00023492.html
942 _cREF
_2ddc
999 _c188514
_d188514